00915nam a22002177a 4500003000400000005001700004008004100021020001500062040000700077100002500084245004800109250002400157260003500181300002400216500003700240504003200277505032000309650001800629650002600647650002400673OSt20190218095255.0180307b xxu||||| |||| 00| 0 spa d a9505080964 cPJ aMuguillo, Roberto A.10aPrenda con registro /cRoberto A. Muguillo. a2a. ed. act. y amp. aBuenos Aires :bAstrea,c1997. axvi, 363 p.c23 cm. aCitas y notas a pie de página. aBibliografía: p. 361-363. aContenido: Decreto Ley 15.348/46 y su reglamentación. Texto ordenado según decreto 897/95. Comentado, anotado y concordado. Obligaciones garantizables. Extensión del privilegio. Inscripción, venta y ejecución dle bien prendado. Maquinaria agrícola, vial e industrial. Especialidad. Pagarés prendarios. 0aDERECHO CIVIL 0aCONTRATOS COMERCIALES 0aPRENDA CON REGISTRO